000 00809nam0a22002291 4500
001 rc\2917910
005 20250529223825.0
035 _a(NLR Aleph) 007068225
090 _a6353986
_c6353986
100 _a20110811d1933 |||y0rusy50 ca
101 0 _arus
102 _aRU
105 _aa z |||||
200 1 _aИскажения телеграфной передачи и способы их исправления
_fинж. К. Лишай
210 _aМосква
_cСвязьтехиздат
_d1933
_e[Калуга]
_gтип. Мособлполиграфа
215 _aОбл., 43, [2] с.
_cчерт.
_d20×15 см
700 1 _aЛишай
_bК.П.
_gКонстантин Петрович
801 0 _aRU
_bNLR
_gpsbo
801 1 _aRU
_bELAR
_2rusmarc
852 _aNLR
_j33-10/2853
942 _cBOOK
980 _aNB